000 00715nam a22001937a 4500
999 _c64020
_d64020
005 20260310151557.0
008 260310s1996 enk||||| |||| 00| 0 eng d
020 _a9780804726467x
041 _aeng
080 _a330.1 M-96
100 _aMurakami, Yasusuke.
_927101
245 _aAn anticlassical political-economic analysis :
_bA vision for the next century /
_ctranslated by Kozo Yamamura.
264 _aStanford :
_b Stanford Univ. press,
_c1996.
300 _a476 p. ;
_b 24 cm.
440 _aEconomics/Political science/Asian studies
_927102
521 _aBibliogr. notes: p. 437-463.
653 _aპოლიტ-ეკონომიკური თეორიები
942 _2udc
_cᲬᲘᲒᲜᲘ